Представление документа в формате RUSMARC

Поле Инд. ПП Название Значение
Тип записи a
Библиографический уровень a
001 Контрольный номер 38fb8dbb779940bab9e915c3701c034a
005 Дата корректировки 20231025095244.6
100 a Данные общей обработки 20210407 ||| 0rusy0189 ca
101 0_ a Язык текста rus
102 a Страна публикации RU
200 1_ a Заглавие Международные обычаи, содержащие нормы трудового права
b Общее обозначение материала Текст
203 a Вид содержания Текст : электронный
300 a Общие примечания Чтение статьи доступно в Источнике
336 a Примечание о виде электронного ресурса PDF
461 _0 1 2000
a Российское правосудие
463 _0 1 2000
a № 1
b Текст
v С. 46-56
1 2101
d 2008
1 001dd4b0c1ace694dd980d8cf8f954dddf4
606 a Основная рубрика Право. Юридические науки
x Основная подрубрика Трудовое право
610 0_ a Ключевые слова ОБЫЧАЙ
a Ключевые слова НОРМА ПРАВА
a Ключевые слова НОРМАТИВНЫЕ ПРАВОВЫЕ АКТЫ
a Ключевые слова РГУП.
700 _1 a Фамилия Ершов
b Имя В.В.
801 _0 a Страна RU
b Организация РГУП
c Дата составления 20210407
g Правила каталогизации PSBO
801 _1 a Страна RU
b Организация РГУП
c Дата составления 20210407
g Правила каталогизации PSBO
901 t Тип документа b
w Контрольный № источника dd4b0c1ace694dd980d8cf8f954dddf4
905 a Дата ввода 20210407
952 k Публикации кафедры Трудового права и права социального обеспечения